| 000 | 00386nam a22001457a 4500 | ||
|---|---|---|---|
| 020 | _a8126106441 | ||
| 050 |
_aQK533.6 _b.R25 2004 |
||
| 100 |
_aRajan, S. Sundara _cDr |
||
| 245 |
_aPractical manual of bryophyta _cDr. S. Sundara Rajan |
||
| 250 | _a1st ed. | ||
| 260 |
_aNew Delhi, India : _bAnmol Publications Pvt Ltd : _c2004 |
||
| 300 | _a113 pgs. | ||
| 650 | _bBryophytes | ||
| 942 | _cGEN | ||
| 999 |
_c135 _d135 |
||